000 00884nam a2200229 a 4500
003 MX-MxUPN
005 20250301063802.0
008 991125s1909 mx gr 000 0 spa d
035 _aUPN01000002368
040 _aMX-MxUPN
_bspa
_cMX-MxUPN
041 _aspa
050 4 _aLC1772
_bG8.2
100 1 _aGutiérrez, María Antonia
_953194
245 1 3 _aEl ama de casa ó sea guía de la mujer bien educada :
_ben materia de habitación y ocupaciones domésticas, gastos, cocina, moda, costumbres y usos de la sociedad, higiene, tocador, arte de la conservación, distracciones y deberes diversos
260 _aMéxico ;
_aParis :
_bLibrería de la Vda. de Ch. Bouret,
_c1909.
300 _a416 páginas
650 4 _aMujeres
_xEducación
_9182
740 0 _aGuía de la mujer bien educada : en materia...
902 _bMaríaRobles/220824
905 _aLibro
942 _2lcc
_cLIBRO
_n0
999 _c2368
_d2368